000 00563cam a22002054a 4500
005 20250605164157.0
008 250528s ||||||||||||||||||||||||d
035 _a19664
020 _a9607235363
040 _aGR-AtMCL
_bgre
_dGR-AtMCL
_eAACR2
245 1 _aΤΟ ΠΡΩΤΟ ΒΙΒΛΙΟ ΤΗΣ ΠΛΗΡΟΦΟΡΙΚΗΣ
250 _a1
260 _bΝέων Τεχνολογιών,
_c1993
300 _a270
700 1 _aΚαλαφατουδης Στρ
_95865
700 1 _aΚοιλιας Χρ
_95866
942 _cBK
999 _c4920
_d4920